4 Letters Or Fewer Chinese Zodiac Quiz Stats

 Plays Quiz Updated Jan 24, 2014

Support Sporcle.
Go Orange.
Score 0/5 Timer 01:30
2 Plays Today
% Correct
Dog
88.5%
Rat
86.8%
Pig
72%
Ox
66.8%
Goat
59.6%

From the Vault

Crossword Blackout! XIX

by hockeystix3

The more parts you fill out the more areas in your local region will lose power.
Remove Ads.
Support Sporcle.
Get the best of Sporcle when you Go Orange. This ad-free experience offers more features, more stats, and more fun while also helping to support Sporcle. Thank you for becoming a member.

Show Comments

Extras

Top Quizzes Today


Score Distribution

Your Account Isn't Verified!

In order to create a playlist on Sporcle, you need to verify the email address you used during registration. Go to your Sporcle Settings to finish the process.

Report this User

Report this user for behavior that violates our Community Guidelines.

Details: